1005 1750 1816 1419 1489 1436 1493 1371 1997 1504 1174 1995 1253 1680 1435 1278 1158 1343 1676 1709 1709 1652 1694 1381 1586 1953 1286 1474 1688 1287 1388 1563 1594 1522 1668 1434 1377 1578 1110 1762 1844 1457 1660 1670 1084 1470 1522 1019 1939 1386 1773 1983 1907 1220 1520 1714 1697 1494 1100 1705 1121 1658 1208 1760 1219 1754 1966 1141 1297 1889 1344 1180 1772 1397 1838 1057 1277 1602 1393 1633 1506 1603 1122 1343 1105 1237 1835 1491 1091 1479 1991 1888 1252 1754 1851 1256 1773 1828 1604 BCNSPRNW ULIB Ver.6.0+V

เปลี่ยนเป็นภาษาไทย

Change to English
 แสดงรายละเอียดบรรณานุกรม
  กลับหน้าหลัก

Brief Record : Get Marc (ISO 2709) : E-mail record : QR code < ปิดหน้าต่าง
LEADER : 00000nam 2200000uu 4500
001    13399112322
003     ULIB
008    110627s2554||||th 000 0 tha d
020    9786165220224
090    นว.^bก316ว 2554
100 0  กลีบลำดวน
245 00 วาระรัก/^cกลีบลำดวน
250    พิมพ์ครั้งที่ 1
260    กรุงเทพฯ :^bอินเลิฟ,^c2554
300    278 หน้า
710 1  อินเลิฟ
945    ^p179^l0^i030393
995    ทศพร
999 ^a ใช้งานได้ทุกระบบ
รายการนี้ยังไม่มีแท็ก
คุณยังไม่ได้ล็อกอิน คุณสามารถมีกิจกรรมร่วมกับเว็บไซต์ได้ แต่ต้องล็อกอินก่อน ::
  ล็อกอิน

รายการสื่อสารสนเทศ

ลำดับที่ ประเภท เลขเรียก/บาร์โค้ด สถานที่ สถานะ
- ไม่พบข้อมูล -

รายการใกล้เคียง
    ผู้แต่ง [กลีบลำดวน]

BibComment


ยังไม่เคยถูกคอมเมนท์

คอมเมนท์ทรัพยากรรายการนี้
  คอมเมนท์: วาระรัก กลีบลำดวน


 Copyright 2026. Bcnsprnw @Library